Géographie: Saute départements de France. - Statistiques

Statistiques générales
  • Ce quiz a été pris 68 fois
  • Le résultat moyen est 11 sur 15
Statistiques - réponses
Département de départ Direction Réponse % Correct
Finistère Est Ille-et-Vilaine
94%
Pyrénées-Atlantiques Nord Gironde
87%
Rhône Ouest Puy-de-Dôme
79%
Pas-de-Calais Sud Oise
76%
Marne Sud Yonne
76%
Charente-Maritime Est Haute-Vienne
75%
Allier Sud Cantal
71%
Hautes-Alpes Sud Var
71%
Vendée Est Vienne
71%
Moselle Sud Vosges
70%
Creuse Nord Loir-et-Cher
65%
Eure-et-Loir Nord Seine-Maritime
65%
Indre Est Nièvre
60%
Haute-Marne Est Haut-Rhin
57%
Indre-et-Loire Nord Orne
56%
Aucun quiz correspondant
Distribution des résultats
% des personnes avec chaque résultat
Percentile par nombre de réponses
Votre historique - résultats
Vous n’avez pas pris ce quiz